Film che iniziano per P - Statistics

Statistiche generali
  • Questo quiz è stato fatto 127 volte
  • Il punteggio medio è 9 su 20
Statistiche sulle risposte
Descrizione Film % Corretto
Un falegname desideroso di avere un figlio, lo intaglia nel legno. Pinocchio
93%
Le avventure di un ragazzo che non vuole crescere e di un'isola magica abitata da personaggi sorprendenti. Peter Pan
89%
La storia delle esperienze di crescita, di amore, di indipendenza e di aspirazioni femminili di quattro sorelle di metà Ottocento. Piccole donne
73%
Un ricco uomo d'affari si invaghisce della bellezza e della vivacità di una prostituta. Pretty Woman
72%
Un gruppo di amici decide di condividere le notifiche dei loro telefoni, leggendo a voce alta tutti i messaggi. Perfetti sconosciuti
67%
Una donna fugge in un motel con una somma di denaro rubata. Nella notte qualcuno la assale nella doccia. Psycho
67%
Una giovane nativa americana incontra il capitano di alcuni colonizzatori europei. Pocahontas
66%
La storia del bombardamento giapponese del dicembre 1941 Pearl Harbor
62%
I membri di una famiglia povera sudcoreana, con l'inganno, riescono a farsi assumere da una ricca famiglia. Parasite
61%
Un truffatore, impersonando diverse professioni, riesce ad ingannare ogni volta le autorità e gli istituti finanziari. Prova a prendermi
50%
Un avvocato di successo viene licenziato perché è affetto da AIDS ed è omosessuale. Philadelphia
45%
Un uomo che lotta con la propria salute mentale, decide di dedicare la propria vita alla medicina e al benessere emotivo degli altri. Patch Adams
32%
Un giovane soldato americano viene mandato in Vietnam dove affronta le atrocità della guerra. Platoon
30%
Le diverse storie di personaggi del crimine si intrecciano in maniera imprevedibile, all'insegna della violenza. Pulp Fiction
30%
Una donna si trasferisce con la figlia in una nuova casa dotata di una speciale stanza blindata per proteggersi da eventuali intrusioni. Panic Room
29%
Un misterioso pistolero arriva in una città in balia della criminalità perché controllata da due fazioni bandite in lotta. Per un pugno di dollari
29%
Un maresciallo dei carabinieri tenta di conquistare una giovane donna del paese molto corteggiata. Pane, Amore e Fantasia
18%
Un pianista jazz assiste al brutale omicidio di una medium che stava tentando di rivelare la verità su un serial killer. Profondo rosso
9%
Un avvocato deve affrontare una serie di sfide personali dopo che la moglie entra in coma. Paradiso amaro
8%
Un napoletano cresciuto in un ambiente familiare difficile, deve affrontare le vessazioni militari e la prigionia durante la Seconda Guerra Mondiale. Pasqualino Settebellezze
4%
Nessun quiz corrispondente trovato
Distribuzione punteggi
Percentuale di utenti per punteggio
Percentile per numero di risposta
I tuoi punteggi nel tempo
Non hai fatto questo quiz